Statistiken für Kleinste Nachbarländer #2

Klicken Sie hier um das Quiz zu spielen!

Allgemein

  • Dieses Quiz wurde 256 mal gespielt
  • Das Durchschnittsergebnis liegt bei 23 aus 28

Antwortstatistiken

Land... und der kleinste Nachbar% Korrekt
DeutschlandLuxemburg
96%
EstlandLettland
95%
SüdkoreaNordkorea
95%
BrasilienSuriname
95%
KanadaVereinigte Staaten
94%
Vereinigtes KönigreichIrland
93%
JemenOman
92%
LiechtensteinSchweiz
92%
TunesienLibyen
91%
KroatienSlowenien
91%
Saudi ArabienKatar
90%
UgandaRuanda
89%
GuatemalaEl Salvador
87%
IndienBhutan
86%
ParaguayBolivien
85%
PakistanAfghanistan
84%
SomaliaDschibuti
83%
GriechenlandMazedonien
82%
PolenSlowakei
82%
Burkina FasoTogo
81%
GuineaGuinea-Bissau
79%
FinnlandNorwegen
79%
KasachstanKirgisistan
78%
VietnamKambodscha
75%
SenegalGambia
69%
UkraineMoldau
67%
SudanEritrea
61%
IranArmenien
53%

Verteilung der Resultate

Perzentil nach korrekt beantworteten Fragen

Anzahl Personen mit jedem Resultat

Ihre Resultats-Entwicklung

Sie haben dieses Quiz noch nicht gespielt